| 000 | 00378nam a2200145Ia 4500 | ||
|---|---|---|---|
| 008 | 180207s9999 xx 000 0 und d | ||
| 020 | _a9718910824 | ||
| 050 | _bU26 2001 | ||
| 245 | 4 | _aThe ugly duckling / | |
| 260 | _aMakati City, Philippines : | ||
| 260 | _bStraight Lines International, Inc., | ||
| 260 | _c2001 | ||
| 300 | _a24 pages : | ||
| 300 | _bcolor illustration ; | ||
| 999 |
_c355184 _d355184 |
||